000 00808nam a2200241 a 4500
999 _c3169
_d3169
001 3169
003 BD-JhCC
005 20171112102127.0
008 171111s1985 xxu |||| ||a| 000 0 ben d
035 _a(BD-JhCC)3169
040 _aBD-JhCC
_dBD-JhCC
041 _aben
082 _a780
_bKHA 1985
100 _aখান, শামসুজ্জামান
245 _aগণসঙ্গীত /
_cশামসুজ্জামান খান, কল্যাণী ঘোষ
260 _aঢাকা :
_bবাংলা একাডেমী,
_c1985
300 _a108 p. :
_c18 cm.
490 _aSeries in honour of the Martyrs of the Language Movement of February 1952.
650 _aMusic of the People
700 _aঘোষ, কল্যাণী
942 _2ddc
_cBK